¿Es posible el amparo constitucional frente al arbitraje? reflexiones sobre la justificación del arbitraje y la aplicación al mismo del garantismo procesal. Relación del derecho constitucional a la tutela judicial efectiva con el arbitraje desde la vertiente de la justificación de las garantías que se aplican tanto a ese derecho constitucional - el denominado derecho a la tutela judicial efectiva como arbitraje (Registro nro. 24663)

Detalles MARC
000 -Cabecera
Campo de control interno 00834nam a2200181Ia 4500
005 - Fecha y hora del registro
control field 20260414151058.0
008 - Elementos de Longitud Fija
fixed length control field 260414t2011||||xx |||||||||||||| ||spa||
041 ## - Idioma
Codigo Idioma ESP
082 ## - DEWEY y NOTACIÓN INTERNA
Dewey 345.721
Notación Interna L89A
100 ## - AUTOR
Autor denominación Lorca Navarrete, Antonio María
Término de relación autor
245 #0 - TÍTULO DE MATERIAL BIBLIOGRÁFICO
Título ¿Es posible el amparo constitucional frente al arbitraje? reflexiones sobre la justificación del arbitraje y la aplicación al mismo del garantismo procesal. Relación del derecho constitucional a la tutela judicial efectiva con el arbitraje desde la vertiente de la justificación de las garantías que se aplican tanto a ese derecho constitucional - el denominado derecho a la tutela judicial efectiva como arbitraje
Título paralelo
260 ## - CIUDAD, EDITORIAL, AÑO
Año 2011
300 ## - DESCRIPCIÓN
N° Páginas 119 páginas :
Dimensiones 20 cm.
650 ## - TEMAS
Temas Derecho
654 ## - PROGRAMAS
Programa Dpto. de Derecho y Ciencia Política
942 ## - ELEMENTOS DE KOHA
Tipo de documento Libro
Nombre del creador Justo Noguera
Código de catalogador Justo Noguera
Esquema de clasificación Dewey Decimal Classification
Suppress in OPAC
Existencias
Codigo completo Registro Colección Copia número Disponibilidad Tipo de préstamo Biblioteca Actual Procedencia (Biblioteca) Ubicacón Fecha Ingreso Tipo de Adquisición Date last seen Total checkouts Price effective from Tipo de Item Estado del Material Damaged status Withdrawn status
345.721 L89A 1016996 Universidad Católica San Pablo 1 Disponible Disponible Víctor Andrés Belaunde Víctor Andrés Belaunde Primer piso 14/04/2026 Compra 14/04/2026   14/04/2026 Libro Bueno